=LDR 00000nam 2200000 4500 =001 INLIS000000000029828 =005 20130612132029 =008 ***********************************Ind** =035 ##$$0010-061300000029828 =041 ##$$a Ind =082 ##$$a 028.5 =090 ##$$a 028.5, Nur c =100 ##$$a Nurhayati =245 ##$$a Cacat berprestasi, Nurhayati =260 ##$$a 1995 $b Jakarta =300 ##$$a 76 hlm, ilus, 21 cm =650 ##$$a Bacaan anak =850 ##$$a NBPNMAT